UM Bansalan LIC Logo

Philippines contemporary literature: (Record no. 774)

MARC details
000 -LEADER
fixed length control field 00705nam a22002177a 4500
001 - CONTROL NUMBER
control field 507
003 - CONTROL NUMBER IDENTIFIER
control field OSt
005 - DATE AND TIME OF LATEST TRANSACTION
control field 20241206151153.0
008 - FIXED-LENGTH DATA ELEMENTS--GENERAL INFORMATION
fixed length control field 160916b xxu||||| |||| 00| 0 eng d
020 ## - INTERNATIONAL STANDARD BOOK NUMBER
International Standard Book Number 971-569-089-0
040 ## - CATALOGING SOURCE
Transcribing agency UM Bansalan College LIC
082 ## - DEWEY DECIMAL CLASSIFICATION NUMBER
Edition number --Sixth edition
Classification number BFil. 899.211
Item number P53
245 ## - TITLE STATEMENT
Title Philippines contemporary literature:
Remainder of title In English and Filipino/
Statement of responsibility, etc. edited by Asuncion David-Maramba.
250 ## - EDITION STATEMENT
Edition statement Sixth edition
260 ## - PUBLICATION, DISTRIBUTION, ETC.
Place of publication, distribution, etc. Makati City:
Name of publisher, distributor, etc. Bookmark, Inc.,
Date of publication, distribution, etc. c1993
300 ## - PHYSICAL DESCRIPTION
Extent xxxv, 518p.:
Dimensions 21.7 cm.
650 #0 - SUBJECT ADDED ENTRY--TOPICAL TERM
9 (RLIN) 3810
Topical term or geographic name entry element Philippine literature (English)
650 #0 - SUBJECT ADDED ENTRY--TOPICAL TERM
9 (RLIN) 3811
Topical term or geographic name entry element Philippine literature (Filipino)
700 ## - ADDED ENTRY--PERSONAL NAME
9 (RLIN) 3813
Personal name David-Maramba, Asuncion
942 ## - ADDED ENTRY ELEMENTS (KOHA)
Source of classification or shelving scheme Dewey Decimal Classification
Koha item type Bansalan Filipiniana
Holdings
Withdrawn status Lost status Source of classification or shelving scheme Damaged status Not for loan Current library Date acquired Inventory number Total Checkouts Full call number Barcode Date last seen Copy number Price effective from Koha item type
    Dewey Decimal Classification     UM Bansalan College LIC 09/16/2016 2507   BFil. 899.211 P53 1993 2507 08/12/2020 c.1 09/16/2016 Bansalan Filipiniana1
    Dewey Decimal Classification     UM Bansalan College LIC 09/16/2016 2508   BFil. 899.211 P53 1993 2508 08/12/2020 c.2 09/16/2016 Bansalan Filipiniana1